Firemná literatúra 1984-1986 Slovenská národná bibliografia

Saved in:
Bibliographic Details
Format: Book
Language:Slovak
Published: Martin Matica slovenská 1988
Tags: Add Tag
No Tags, Be the first to tag this record!

MARC

LEADER 00000nam a2200000 4500
001 c036860
005 20260121080812.2
041 0 |a slo 
044 |a SK 
245 1 0 |a Firemná literatúra 1984-1986  |b Slovenská národná bibliografia 
264 1 |a Martin  |b Matica slovenská  |c 1988 
300 |a 187 s.